00830cam a22002294a 4500001000500000005001700005020001800022040002300040050002000063082001100083100002200094245003300116260005400149300004500203505000800248520014200256521002900398521002000427650004500447650004800492650006000540255920240105155902.0 a9780822556756 aDLCcDLCdDLCbeng00aTD793.K57b200600a363.721 aKishel, Ann-Marie10aReuse /cby Ann-Marie Kishel aMinneapolis :bLerner Publications Company,c2006 a8 pages : bcolor illustrations ;c19 cm aD  aEach of these books examines ways students can help conserve resources in their community with simple text and corresponding photographs. a190 Estimate bLexile  aD bRaz-Plus  0aWaste minimizationvJuvenile literature. 0aSalvage (Waste, etc.)vJuvenile literature. 0aConservation of natural resourcesvJuvenile literature.